| 000 | 00779nam a2200265 a 4500 | ||
|---|---|---|---|
| 001 | 000024821 | ||
| 005 | 20200930023405.0 | ||
| 008 | 110203s1994 ve r 000 f spa d | ||
| 020 | _a9800104445 | ||
| 040 |
_aDO-SdBNP _bspa _cBNPHU |
||
| 082 |
_a808.53 _bP226t, 1994 |
||
| 100 | 1 |
_aPardo, Isaac J. _d1905- _950935 |
|
| 245 | 1 | 0 |
_aEsa palabra no se dice / _cIsaac J. Pardo. |
| 250 | _a2a ed. | ||
| 260 |
_aCaracas, (Venezuela) : _bMonte Avila Editores Latinoamericana, _c1994. |
||
| 300 |
_a108 p. ; _c21 cm. |
||
| 490 | 1 | _aDocumentos | |
| 500 | _aIncluye notas al pie de páginas | ||
| 650 | 4 |
_aDebates _939876 |
|
| 650 | 4 |
_aRetórica _96217 |
|
| 650 | 4 |
_aElocución _922191 |
|
| 650 | 4 |
_aPracticas parlamentarias _915805 |
|
| 830 | 0 |
_aDocumentos _91047 |
|
| 049 | _aBNGR | ||
| 999 |
_c24314 _d24314 |
||